Genocída Arménov a postoj vybraných medzinárodných aktérov

Arménska genocída je prvou genocídou 20. storočia, ktorá je svedectvom ľudskej nevraživosti. Ako zločin proti ľudskosti ju uznali desiatky parlamentov európskych štátov, mimoeurópskych štátov, Európsky parlament i Rada Európy. Arménska genocída je súhrnné označenie pre vyvražďovanie približne 1,5 mi...

Descrizione completa

Salvato in:
Dettagli Bibliografici
Autore principale: Chuguryan, Simona, 1977-
Altri autori: Chuguryan, Vahram
Natura: Capitolo di libro
Lingua:slovacco
Soggetti:
Tags: Aggiungi Tag
Nessun Tag, puoi essere il primo ad aggiungerne!!

MARC

LEADER 00000naa a2200000 4500
001 0176471
005 20240502073016.8
041 0 |a slo 
044 |a SK 
245 1 0 |a Genocída Arménov a postoj vybraných medzinárodných aktérov  |c Simona Chuguryan, Vahram Chuguryan 
520 |a Arménska genocída je prvou genocídou 20. storočia, ktorá je svedectvom ľudskej nevraživosti. Ako zločin proti ľudskosti ju uznali desiatky parlamentov európskych štátov, mimoeurópskych štátov, Európsky parlament i Rada Európy. Arménska genocída je súhrnné označenie pre vyvražďovanie približne 1,5 milióna Arménov Turkami počas rokov 1915 – 1923. Podľa niektorých názorov ide o prvú historicky zaznamenanú genocídu v dejinách. Postoje vybraných aktérov medzinárodných vzťahov k problematike arménskej genocídy v súčasnosti. 
610 2 0 |a Arménsko 
610 2 0 |a Turecko 
610 2 0 |a vojny 
610 2 0 |a konflikty etnické 
610 2 0 |a Európska únia 
610 2 0 |a politika medzinárodná 
100 1 |a Chuguryan, Simona, 1977- 
700 1 |a Chuguryan, Vahram